000 01239nmc a2200421 a 4500
003 AR-BaBNM
005 20251128203517.0
008 296019s1959 ||||||||||||||000 | spa||
040 _cAR-BaBNM
100 1 _aHighet, Gilbert
245 1 0 _aEl arte de enseñar
250 _a2ª ed.
260 _aBuenos Aires
_bPaidós
_c1959
300 0 _a327 p.
490 0 _aBiblioteca del hombre contemporáneo
_vv. 15
504 _aContiene referencias bibliográficas al final de la obra
650 4 _aMETODOS DE ENSENANZA
650 4 _aCALIDAD DE LA ENSENANZA
650 4 _aTECNICAS DE ENSENANZA
650 4 _aACTITUD DEL DOCENTE
650 4 _aEFICACIA DEL DOCENTE
650 4 _aROL DEL DOCENTE
650 4 _aCOMPORTAMIENTO DEL DOCENTE
650 4 _aEDUCADORES
650 4 _aDOCENTES
650 4 _aHISTORIA DE LA EDUCACION
650 4 _aFORMACION DE DOCENTES
650 4 _aEXPERIENCIA DEL DOCENTE
650 4 _aEXPERIENCIA PEDAGOGICA
650 4 _aEDUCACION NO FORMAL
650 4 _aEDUCACION FAMILIAR
653 0 _aPEDAGOGOS
653 0 _aFORMACION DOCENTE CONTINUA
700 1 _aValderrama de Robinson, Josefina
_etraductor
700 1 _aRobinson, Oscar Ricardo
_etraductor
942 _cBK
998 _cCarmen
999 _c3713
_d3713